000
00391nam a2200145Ia 4500
008
100122s9999 xx 000 0 und d
082
_b
58789
_a
823.08
100
_a
शिंत्रे किशोर
245
_a
शर्यत
260
_b
मेनका प्रकाशन
_c
2000
300
_a
168
630
_a
शर्यत
730
_a
शर्यत
942
_c
BOOK
999
_c
434565
_d
434562